| 000 | 00735nam a22002417a 4500 | ||
|---|---|---|---|
| 003 | dpl | ||
| 005 | 20180818125011.0 | ||
| 008 | 180818b xxu||||| |||| 00| 0 eng d | ||
| 010 | _aA-949814 | ||
| 020 |
_c0.00 _a8171241697 |
||
| 035 | _aA-949814 | ||
| 037 | _bBPPD/PUB | ||
| 040 |
_aDPL _bEN _c0 |
||
| 082 |
_a070.4 _bGUP |
||
| 100 | _aGupta, Bladev Raj | ||
| 245 |
_aJournalism by old and new masters / _cBaldev Raj Gupta |
||
| 260 |
_aVaranasi _bVishwavidyalaya Prakashan _c1997 |
||
| 270 |
_aVishwavidyalaya Prakashan Chowk _bVaranasi _e221001 |
||
| 300 |
_a192p. _c23cm(Hb) |
||
| 650 |
_aEvolution --Development _939767 |
||
| 650 |
_aCommunication--Social action _939768 |
||
| 942 |
_2ddc _cEN _h070.4 _mGUP |
||
| 999 |
_c156019 _d156019 |
||